Trăm áng thơ tình thế giới

保存先:
書誌詳細
フォーマット: 図書
言語:Undetermined
出版事項: Hà Nội Văn Học 2010
主題:
タグ: タグ追加
タグなし, このレコードへの初めてのタグを付けませんか!
Thư viện lưu trữ: Trung tâm Học liệu Trường Đại học Cần Thơ
LEADER 00534nam a2200181Ia 4500
001 CTU_176083
008 210402s9999 xx 000 0 und d
020 |c 35000 
082 |a 808.81 
082 |b Tr114 
245 0 |a Trăm áng thơ tình thế giới 
245 0 |c Nam Hồng, Mai Hương (Sưu tần, tuyển chọn) 
260 |a Hà Nội 
260 |b Văn Học 
260 |c 2010 
650 |a Love poetry,Thơ tình 
904 |i mai,Hải 
980 |a Trung tâm Học liệu Trường Đại học Cần Thơ